| 000 | 01131nam a2200313Ia 4500 | ||
|---|---|---|---|
| 001 | Para_8807 | ||
| 003 | CHAP | ||
| 008 | 220125s2003 xx 000 0 und d | ||
| 010 | _a207516 | ||
| 040 | _cCHAP | ||
| 090 | _aPA TESIS 1772 | ||
| 100 |
_aLópez López, Favian _968032 |
||
| 245 |
_aIncidencia y severidad de cenicilla (Oidiopsis taurica) en jitomate (Lycopersicon esculentum Miller), manejado a diferentes concentraciones de nitrógeno / _c por Favian López López |
||
| 260 |
_aChapingo, Méx. : _b el autor |
||
| 300 | _a53 h. | ||
| 502 | _aTesis (Ing. Agr. Esp. en Parasitología Agrícola) -- UACh. Departamento Parasitología Agrícola | ||
| 650 |
_aCenicilla _920964 |
||
| 650 |
_aCultivos sin suelo _9164107 |
||
| 650 |
_aTomate _x enfermedades por hongos _9113713 |
||
| 650 |
_aTomate _x variedades resistentes a enfermedades _9113778 |
||
| 710 |
_aUACh. Departamento Parasitología Agrícola _9164025 |
||
| 901 | _aPA TESIS 1772 | ||
| 902 | _aA | ||
| 905 | _a0000002003 din 0000000000 00 | ||
| 910 | _a2003 | ||
| 942 | _cPARA | ||
| 942 |
_cPARA _d1 |
||
| 999 |
_c207516 _d207516 |
||